2014 Ballon d'Or - Statistics

General Stats
  • This quiz has been taken 29 times
  • The average score is 20 of 23
Answer Stats
Rank National Team Club(s) Answer % Correct
1 Portugal Real Madrid Cristiano Ronaldo
100%
2 Argentina Barcelona Lionel Messi
100%
3 Germany Bayern Munich Manuel Neuer
100%
7 Brazil Barcelona Neymar
100%
4 Netherlands Bayern Munich Arjen Robben
95%
12 Wales Real Madrid Gareth Bale
95%
16 France Real Madrid Karim Benzema
95%
9 Germany Bayern Munich / Real Madrid Toni Kroos
95%
13 Sweden Paris Saint-Germain Zlatan Ibrahimović
95%
10 Argentina Real Madrid / Manchester United Ángel Di María
91%
8 Colombia Monaco / Real Madrid James Rodríguez
91%
6 Germany Bayern Munich Philipp Lahm
91%
5 Germany Bayern Munich Thomas Müller
91%
22 France Juventus Paul Pogba
86%
14 Ivory Coast Manchester City Yaya Touré
86%
17 Spain Barcelona Andrés Iniesta
82%
19 Argentina Barcelona Javier Mascherano
82%
23 Spain Real Madrid Sergio Ramos
82%
20 Belgium Atlético Madrid / Chelsea Thibaut Courtois
73%
18 Germany Bayern Munich Bastian Schweinsteiger
68%
11 Spain Atlético Madrid / Chelsea Diego Costa
59%
21 Brazil Chelsea David Luiz
50%
15 Germany Bayern Munich Mario Götze
45%
No matching quizzes found
Score Distribution
Percent of People with Each Score
Percentile by Number Answered
Your Score History
You have not taken this quiz